Imagine Dragons Discography - Statistics

General Stats
  • This quiz has been taken 104 times
  • The average score is 6 of 8
Answer Stats
Answer % Correct
Mercury Act 1
93%
Mercury Act 2
93%
Night Visions
92%
Evolve
89%
Smoke + Mirrors
88%
Origins
86%
Roots
39%
I Was Me
23%
No matching quizzes found
Score Distribution
Percent of People with Each Score
Percentile by Number Answered
Your Score History
You have not taken this quiz